Cẩm nang mẹo vặt y khoa thực dụng: T2

Spremljeno u:
Bibliografski detalji
Glavni autor: Đặng Thị Ngọc Trâm
Format: Knjiga
Jezik:Undetermined
Izdano: Đồng Nai Nxb. Đồng Nai 1999
Teme:
Oznake: Dodaj oznaku
Bez oznaka, Budi prvi tko označuje ovaj zapis!
Thư viện lưu trữ: Trung tâm Học liệu Trường Đại học Cần Thơ
LEADER 00537nam a2200169Ia 4500
001 CTU_35317
008 210402s9999 xx 000 0 und d
082 |a 613 
082 |b Tr120/T2 
100 |a Đặng Thị Ngọc Trâm 
245 0 |a Cẩm nang mẹo vặt y khoa thực dụng: T2 
245 0 |c Đặng Thị Ngọc Trâm 
260 |a Đồng Nai 
260 |b Nxb. Đồng Nai 
260 |c 1999 
650 |a health promotion,medical care,public health 
980 |a Trung tâm Học liệu Trường Đại học Cần Thơ